1750 1578 1271 1879 1203 1812 1861 1654 1566 1293 1282 1820 1518 1441 1335 1809 1758 1251 1422 1663 1880 1303 1778 1625 1348 1360 1131 1311 1493 1291 1351 1914 1486 1138 1294 1535 1275 1914 1795 1396 1457 1775 1937 1238 1838 1258 1629 1298 1336 1024 1237 1803 1396 1565 1254 1334 1718 1301 1194 1083 1067 1221 1513 1812 1955 1479 1394 1704 1998 1983 1229 1965 1425 1602 1805 1652 1027 1568 1392 1390 1216 1539 1150 1401 1511 1401 1700 1688 1632 1746 1975 1307 1271 1543 1256 1010 1802 1082 1791 BCNSPRNW ULIB Ver.6.0+V

เปลี่ยนเป็นภาษาไทย

Change to English
 แสดงรายละเอียดบรรณานุกรม
  กลับหน้าหลัก

Brief Record : Get Marc (ISO 2709) : E-mail record : QR code < ปิดหน้าต่าง
LEADER : 00000nam 2200000uu 4500
001    13399128756
003     ULIB
008    240828s2566||||th 000 0 tha d
020 ^- ^a9786162717178
060 ^- ^aWS205^bก241
245 ^- ^aกุมารเวชศาสตร์ฉุกเฉิน =Pediatric emergency
260 ^- ^aสงขลา :^bคณะแพทยศาสตร์ มหาวิทยาลัยสงขลานครินทร์,^c2566
300 ^- ^a522 หน้า
505 ^- ^aการคัดแยกผู้ป่วยเด็ก ณ แผนกฉุกเฉิน -- ทักษะการสือสารในภาวะฉุกเฉิน -- การกู้ชีพในเด็ก -- การกู้ชีพทารกแรกเกิด -- การบาดเจ็บจากการคลอด -- ภาวะขาดออกซิเจนตั้งแต่แรกเกิดและภาวะสมองขาดออกซิเจน/ขาดเลือด -- ภาวะชักในกาทารกแรกเกิด -- ภาวะหายใจลำบากในารกแรกเกิด -- ภาวะการติดเชื้อในกระแสเลือดในทารกแรกเกิด -- ภาวะช็อคในทารกแรกเกิด -- ภาวะลำไส้เน่า -- ภาวะหัวใจวาย -- ภาวะหัวใจเต้นผิดจังหวะ -- ภาวะหมดสติจากโรคหัวใจพิการแต่กำเนิดชนิดเขียว -- ภาวะหายใจล้มเหลวเฉียบพลัน -- ภาวะจมน้ำ -- ภาวะหืดเฉียบพลัน -- ภาวะอุดกั้นทางเดินหายใจส่วนบนเฉียบพลัน -- ภาวะเลือดออกในปอด -- ภาวะช็อค -- ภาวะช็อคจากไข้เลือดออก
650 ^- ^aกุมารเวชศาสตร์
700 ^- ^aพรพรรณ ศรีพรสวรรค์,บรรณาธิการ
945    ^p880^l0^i010692
945    ^p880^l0^i010693
945    ^p880^l0^i010694
945    ^p880^l0^i010695
999    ^aประนอม เกษจรัล
รายการนี้ยังไม่มีแท็ก
คุณยังไม่ได้ล็อกอิน คุณสามารถมีกิจกรรมร่วมกับเว็บไซต์ได้ แต่ต้องล็อกอินก่อน ::
  ล็อกอิน

รายการสื่อสารสนเทศ

ลำดับที่ ประเภท เลขเรียก/บาร์โค้ด สถานที่ สถานะ
1. วิทยาศาสตร์การแพทย์ และสุขภาพ
หนังสือสำรอง
สถานะ=หนังสือสำรอง
WS205 ก241 ฉ.1 
  Barcode: 010692
ห้องสมุดวิทยาเขตสวรรค์ประชารักษ์
►หนังสือทั่วไป
ถูกยืม กำหนดส่งวันที่ 6 กุมภาพันธ์ 2569
  จอง
2. วิทยาศาสตร์การแพทย์ และสุขภาพ
วิทยาศาสตร์การแพทย์ และสุขภาพ
WS205 ก241 ฉ.2 
  Barcode: 010693
ห้องสมุดวิทยาเขตสวรรค์ประชารักษ์
►หนังสือทั่วไป
บนชั้น
3. วิทยาศาสตร์การแพทย์ และสุขภาพ
วิทยาศาสตร์การแพทย์ และสุขภาพ
WS205 ก241 ฉ.3 
  Barcode: 010694
ห้องสมุดวิทยาเขตสวรรค์ประชารักษ์
►หนังสือทั่วไป
ถูกยืม กำหนดส่งวันที่ 30 มีนาคม 2568
  จอง
4. วิทยาศาสตร์การแพทย์ และสุขภาพ
วิทยาศาสตร์การแพทย์ และสุขภาพ
WS205 ก241 ฉ.4 
  Barcode: 010695
ห้องสมุดวิทยาเขตสวรรค์ประชารักษ์
►หนังสือทั่วไป
บนชั้น

รายการใกล้เคียง
    หัวเรื่อง [กุมารเวชศาสตร์]

BibComment


ยังไม่เคยถูกคอมเมนท์

คอมเมนท์ทรัพยากรรายการนี้
  คอมเมนท์: กุมารเวชศาสตร์ฉุ..


 Copyright 2026. Bcnsprnw @Library